00193nam a2200073Ia 4500008004100000082000800041100002200049245004800071240331s9999 xx 000 0 und d bINT aDe Bruijn , L. ed 0aInternational conference on women's history